| 000 | 00951nam a2200253 a 4500 | ||
|---|---|---|---|
| 999 |
_c3529 _d3529 |
||
| 001 | 3529 | ||
| 003 | BD-JhCC | ||
| 005 | 20180122104602.0 | ||
| 008 | 171114s2006 bg a|||| ||a| 000 0 ben d | ||
| 020 | _a9844222097 | ||
| 035 | _a(BD-JhCC)3529 | ||
| 040 |
_aBD-JhCC _dBD-JhCC |
||
| 041 | _aben | ||
| 082 |
_a822.33 _bBAK 2006 |
||
| 100 | _aবেকেট, স্যামুয়েল | ||
| 245 |
_a নবেল বিজয়ী নাট্যকার স্যামুয়েল বেকেটের পনেরটি নাটক / _cস্যামুয়েল বেকেট; কবীর চৌধুরী ও শাহীন কবীর (অনু.) |
||
| 260 |
_aঢাকা : _bবিদ্যাপ্রকাশ, _c2006 |
||
| 300 |
_a414 p. : _c22 cm. |
||
| 650 | _aEnglish Drama | ||
| 700 | _aচৌধুরী, কবীর | ||
| 700 | _aকবীর, শাহীন | ||
| 942 |
_2ddc _cBK |
||